000 00369cam a2200145ua 4500
003 OSt
008 250619b |||||||| |||| 00| 0 eng d
041 _aeng
082 _a624.1834
_bKRI/DE
100 _aKrishna Raju, N .
245 _aDesign of concrete mixes /
260 _aNew Delhi :
_bC B S Publishers & Distributers ,
_c1983.
300 _a125 ; .
942 _cBK
999 _c7302
_d7302